Clean Code: a handbook of agile software craftsmanship (Record no. 8157)

MARC details
000 -LEADER
fixed length control field 00574nam a22002057a 4500
003 - CONTROL NUMBER IDENTIFIER
control field OSt
005 - DATE AND TIME OF LATEST TRANSACTION
control field 20230927074443.0
008 - FIXED-LENGTH DATA ELEMENTS--GENERAL INFORMATION
fixed length control field 230927b |||||||| |||| 00| 0 eng d
020 ## - INTERNATIONAL STANDARD BOOK NUMBER
International Standard Book Number 9780132350884
040 ## - CATALOGING SOURCE
Transcribing agency DDC
082 ## - DEWEY DECIMAL CLASSIFICATION NUMBER
Classification number 005.74 CLE 2016
100 ## - MAIN ENTRY--PERSONAL NAME
Personal name Martin, Robert C.
9 (RLIN) 16652
245 ## - TITLE STATEMENT
Title Clean Code: a handbook of agile software craftsmanship
260 ## - PUBLICATION, DISTRIBUTION, ETC. (IMPRINT)
Place of publication, distribution, etc. Boston; Addison-Wisley, 2016
300 ## - PHYSICAL DESCRIPTION
Extent xxviii,431p; ill: 23.5cm
500 ## - GENERAL NOTE
General note Appendices, & Index included
650 ## - SUBJECT ADDED ENTRY--TOPICAL TERM
Topical term or geographic name as entry element Software
9 (RLIN) 16653
650 ## - SUBJECT ADDED ENTRY--TOPICAL TERM
Topical term or geographic name as entry element Computer code
9 (RLIN) 16654
942 ## - ADDED ENTRY ELEMENTS (KOHA)
Source of classification or shelving scheme Dewey Decimal Classification
Koha item type Open Shelf
Holdings
Withdrawn status Lost status Source of classification or shelving scheme Damaged status Not for loan Home library Current library Date acquired Source of acquisition Inventory number Total Checkouts Full call number Barcode Date last seen Koha item type
    Dewey Decimal Classification     MUST Main Library MUST Main Library 27/09/2023 Purchase 23/42137   005.74 CLE 2016 2023-0511 27/09/2023 Open Shelf
    Dewey Decimal Classification     MUST Main Library MUST Main Library 27/09/2023 Purchase 23/42138   005.74 CLE 2016 2023-0512 27/09/2023 Open Shelf